Online
Catalog

El hombre y la guerra : (Record no. 14189)

MARC details
000 -CABECERA
campo de control de longitud fija 00787cam a2200253 a 4500
001 - NÚMERO DE CONTROL
campo de control 000014603
005 - FECHA Y HORA DE LA ÚLTIMA TRANSACCIÓN
campo de control 20200929163856.0
008 - DATOS DE LONGITUD FIJA--INFORMACIÓN GENERAL
campo de control de longitud fija 771116s1965 ve a b 000 0 spa
035 ## - NÚMERO DE CONTROL DEL SISTEMA
Número de control de sistema (DLC) 67046549
035 ## - NÚMERO DE CONTROL DEL SISTEMA
Número de control de sistema (OCoLC)3423746
040 ## - FUENTE DE LA CATALOGACIÓN
Centro catalogador/agencia de origen DO-SdBNP
Centro/agencia transcriptor KU
Centro/agencia modificador DLC
082 ## - NÚMERO DE LA CLASIFICACIÓN DECIMAL DEWEY
Número de clasificación 355.028
Número de documento/Ítem Q78h
049 ## - FONDOS LOCALES (OCLC)
Fondos de biblioteca BNGR
100 1# - ENTRADA PRINCIPAL--NOMBRE DE PERSONA
Nombre de persona Quintero, Rodolfo,
Fechas asociadas al nombre 1909-1985.
9 (RLIN) 26229
245 13 - MENCIÓN DE TÍTULO
Título El hombre y la guerra :
Resto del título estudio antropológico /
Mención de responsabilidad, etc. Rodolfo Quintero.
260 ## - PUBLICACIÓN, DISTRIBUCIÓN, ETC.
Lugar de publicación, distribución, etc. Caracas :
Nombre del editor, distribuidor, etc. Universidad Central de Venezuela,
Fecha de publicación, distribución, etc. 1965.
300 ## - DESCRIPCIÓN FÍSICA
Extensión 193 p. :
Otras características físicas il. ;
Dimensiones 16 cm.
490 1# - MENCIÓN DE SERIE
Mención de serie Avance
Designación de volumen o secuencia 9
500 ## - NOTA GENERAL
Nota general Ediciones de la Biblioteca.
504 ## - NOTA DE BIBLIOGRAFÍA, ETC.
Nota de bibliografía, etc. Bibliografías: p. 191-193.
650 #4 - PUNTO DE ACCESO ADICIONAL DE MATERIA--TÉRMINO DE MATERIA
Término de materia o nombre geográfico como elemento de entrada Guerra y sociedad
9 (RLIN) 2922
830 #0 - PUNTO DE ACCESO ADICIONAL DE SERIE-TÍTULO UNIFORME
Título uniforme Avance ;
Designación de volumen o secuencia 9
9 (RLIN) 25824
910 ## - DATOS DE OPCIÓN DEL USUARIO (OCLC)
Datos de opción del usuario Catalogación por copia / LC
Holdings
Estado de retiro Estado de pérdida Restricciones de uso No para préstamo Código de colección Localización permanente Ubicación/localización actual Ubicación en estantería Fecha de adquisición Número de inventario Total de préstamos Signatura topográfica completa Código de barras Fecha visto por última vez Precio válido a partir de Tipo de ítem Koha
      Excluido de préstamo Monografías: Libros y Folletos General General En catalogación 15.01.2010 LF1   355.028 Q78h 14603-10- 25.06.2020 25.06.2020 No se presta

Powered by Koha